ბათუმის შოთა რუსთაველის სახელმწიფო უნივერსიტეტის ბიბლიოთეკა

სოლარული მითები და მათი ტრანსფორმაცია ადრექრისტიანულ ეპოქაში (Sol Invictus) / (ბიბ.ჩანაწერი № 56954)

000 -ლიდერი
ფიქსირებული სიგრძის საკონტროლო ველი 01464nam a22002177a 4500
003 - საკონტროლო ნომრის იდენტიფიკატორი
საკონტროლო ველი Ge_BSU
005 - ბოლო ოპერაციის თარიღი და დრო
საკონტროლო ველი 20230331115908.0
008 - ფიქსირებული სიგრძის მონაცემთა ელემენტები - ზოგადი ინფორმაცია
ფიქსირებული სიგრძის საკონტროლო ველი 190722s2019 g ||||| |||| 00| 0 geo d
041 ## - ენის კოდი
Language code of text/sound track or separate title geo
080 ## - უნივერსალური ათობითი კლასიფიკაციის ინდექსი
Universal Decimal Classification number 821.14'-394 ხ-60
100 ## - მთავარი ჩანაწერი - პიროვნების სახელი
Personal name ხიტირი, თამარ.
9 (RLIN) 3273
245 ## - ცნობა სათაურის შესახებ
Title სოლარული მითები და მათი ტრანსფორმაცია ადრექრისტიანულ ეპოქაში (Sol Invictus) /
Statement of responsibility, etc თამარ ხიტირი ; სამეცნ. ხელმძღ. მარინე გიორგაძე.
264 ## - წარმოების, გამოცემის, დისტრიბუციის და სხვა ცნობები
გამოცემის, წარმოების, დისტრიბუციის... ადგილი ბათუმი :
გამოცემის, წარმოების, დისტრიბუციის... სახელწოდება ბსუ,
გამოცემის, წარმოების, დისტრიბუციის... თარიღი 2019.
300 ## - ფიზიკური აღწერა
Extent 113 გვ .:
Dimensions 30 სმ.
653 ## - INDEX TERM--UNCONTROLLED
Uncontrolled term სოლარული მითები და მათი ტრანსფორმაცია ადრექრისტიანულ ეპოქაში (Sol Invictus)
653 ## - INDEX TERM--UNCONTROLLED
Uncontrolled term დისერტაცია
700 ## - ADDED ENTRY--PERSONAL NAME
Personal name გიორგაძე, მარინე
Relator term სამეცნიერო ხელმძღვანელი
9 (RLIN) 3274
710 ## - ADDED ENTRY--CORPORATE NAME
Corporate name or jurisdiction name as entry element ბათუმის შოთა რუსთაველის სახელობის სახელმწიფო უნ-ტი
9 (RLIN) 3275
710 ## - ADDED ENTRY--CORPORATE NAME
Corporate name or jurisdiction name as entry element ჰუმანიტარულ მეცნიერებათა ფაკულტეტი ევროპეისტიკის დეპარტამენტი
9 (RLIN) 3276
942 ## - ADDED ENTRY ELEMENTS (KOHA)
Source of classification or shelving scheme
Koha item type დისერტაცია
ეგზემპლარები
ჩამოწერის სტატუსი დაკარგული ეგზემპლარის სტატუსი კლასიფიკაციის წყარო ან თაროზე გაწყობის სქემა დაზიანების სტატუსი არ გაიცემა მუდმივი მდებარეობა (დაცვის ადგილი) ამჟამინდელი ადგილსამყოფელი თაროზე განთავსების ადგილი შეძენის თარიღი სრული შენახვის შიფრი შტრიხკოდი ბოლო ოპერაციის თარიღი ეგზემპლარის მიმდევრობითი ნომერი (კეტერი?) ფასის ძალაში შესვლის თარიღი ეგზემპლარის სახეობა
        არ გაიცემა ბათუმის შოთა რუსთაველის სახელმწიფო უნივერსიტეტის მთავარი ბიბლიოთეკა ბათუმის შოთა რუსთაველის სახელმწიფო უნივერსიტეტის მთავარი ბიბლიოთეკა წიგნსაცავი 2019-07-22 821.14'-394 ხ-60 დისერტაცია 325 2019-07-22 დისერტაცია 325 2019-07-22 დისერტაცია